000 00493nam a2200169 i 4500
001 80438
003 ES-MaACL
005 20250805063246.0
007 t|
008 041028s1970 sp ||||1| spa d
100 1 _aHildebrand, Dietrich von,
_d1889-1977
_963679
245 1 3 _aLa verdadera educación cristiana /
_cDietrich von Hildebrand.
260 _a[Madrid :
_bPalabra],
_c1970.
300 _a64 p ;
_c14 cm.
852 _aES-MaACL
_jC-48727
_bR.73684
999 _c80438
_d80438